00590nam a2200169Ia 4500008004100000100003200041245011600073245005500189260000900244260000900253300003300262440003100295650002100326650001900347650002300366650003100389190422s9999 xx 000 0 und d aJAM van Deuresen, Alexander 4aThe first-level digital divide shifts from inequalities in physical access to inequalities in material access / cAlexander JAM van Deuresen and Jan AGM van Dijk.-- bSage c2019 apages 354-375, February 2019 aNew Media & Societyv21(2) aDevice Diversity aDigital Divide aDigital Inequality aFirst-Level Digital Divide